Quiz sur Damso - Statistiques

Statistiques générales
  • Ce quiz a été pris 3 396 fois
  • Le résultat moyen est 17 sur 27
Statistiques - réponses
Hint Réponse % Correct
Prénom de Damso William
91%
Ville dans lequel il a grandi à partir de 9 ans Bruxelles
85%
Rappeur belge qui sort le morceau "God Bless" en collaboration avec Damso Hamza
83%
"Le monde est à nous, le monde est à toi et moi" Macarena
78%
Morceau de Kalash et Damso comptabilisant plus de 300 Millions de vues sur YouTube Mwaka Moon
78%
Album QALF
78%
Album Batterie Faible
77%
Album Ipséité
76%
Chanteuse malienne qui sort le morceau "Dégaine" en collaboration avec Damso Aya Nakamura
72%
Album Lithopédion
72%
"Elle était morte et pourtant, j'lui ai dit : I love you." Amnésie
68%
Morceau de Vald et Damso sorti dans l'album "Agartha" Vitrine
68%
Prénom du fils de Damso Lior
66%
Label de Booba que Damso rejoint en 2016 92i
64%
Ville de naissance Kinshasa
64%
Nom de la réédition du dernier album de Damso QALF infinity
64%
Morceau de Nekfeu et Damso sorti dans l'album "Les Étoiles vagabondes" Tricheur
63%
"Je sais c'que tu penses de nous Quand tu dis que tu n'sais plus quoi penser de nous" Feu de bois
59%
Label créé par Damso en 2020 TheVie Music
57%
"Ils font bonhomme de neige, j'ai fait bonhomme de chemin" Mosaïque solitaire
55%
Morceau de Booba qui fait connaître Damso, en collaboration avec Gato Pinocchio
43%
"J'connais qu'un seul King, c'est Martin Luther" BruxellesVie
41%
Morceau que Damso avait composé pour être l'hymne de la Belgique pour la Coupe du Monde de 2018 Humains
37%
Première mixtape solo de Damso Salle d'attente
36%
Artiste de variété française pour qui Damso a écrit plusieurs morceaux (citez-en 1) Kendji Girac | Louane
32%
Mannequin française présente dans le clip de "911" Noémie Lenoir
28%
Groupe créé en 2006 par Damso et Dofla OPG
18%
Aucun quiz correspondant
Distribution des résultats
% des personnes avec chaque résultat
Percentile par nombre de réponses
Votre historique - résultats
Vous n’avez pas pris ce quiz